| 000 | 00431cam a2200181ua 4500 | ||
|---|---|---|---|
| 020 | _c250.00 | ||
| 041 |
_aeng _h |
||
| 082 |
_a629.2 _bGUP/AU |
||
| 100 | _aGupta, R B . | ||
| 245 |
_aAutomobile engineering / _cR B Gupta. _hTextual Documents |
||
| 250 |
_a7 / _b. |
||
| 260 |
_aNew Delhi : _bSatya Prakshan , _c2008. |
||
| 300 | _a1181 ; . | ||
| 365 | _a250.00 | ||
| 504 | _a | ||
| 942 | _cBK | ||
| 999 |
_c13238 _d13238 |
||